| 000 | 00715nam a2200181Ia 4500 | ||
|---|---|---|---|
| 005 | 20250423101353.0 | ||
| 008 | 250422s9999 xx 000 0 und d | ||
| 020 | _a9780801841705 | ||
| 050 | _aHG 930.7 .M35/ | ||
| 100 | _aMcKinnon, Ronald I. | ||
| 245 | 4 | _aThe order of economic liberalization : financial control in the transition to a market economy | |
| 260 | _aBaltimore | ||
| 260 | _bJohns Hopkins University Press | ||
| 260 | _cc1991 | ||
| 300 | _a200 p | ||
| 650 | _aMonetary policy_Europe, Eastern. Monetary policy_Developing countries. Free enterprise_Europe, Eastern. Free enterprise_Developing countries. Europe, Eastern_Economic policy_1989. Developing countries_Economic policy. | ||
| 942 | _cBK | ||
| 999 |
_c36111 _d36111 |
||